Skip to content
VuFind
All Fields
Title
Author
Subject
Call Number
ISBN/ISSN
Tag
Find
Advanced
Doa & amalan untuk kesejahtera...
Cite this
Print
Export Record
Export to RefWorks
Export to EndNoteWeb
Export to EndNote
Export to MARC
Doa & amalan untuk kesejahteraan diri
Bibliographic Details
Format:
Book
Holdings
Description
Similar Items
Staff View
MARC
LEADER
00000cam a2200000 7i4500
001
0000009112
002
000009925
005
20000330.0
020
|a
T000000737
090
0
0
|a
297.14
|b
AMR
245
1
0
|a
Doa & amalan untuk kesejahteraan diri
999
|a
027558
|b
BUKU
|c
PINJAMAN
|e
PERPUSTAKAAN KOMUNITI PETALING JAYA
Similar Items
Doa amalan [
Amalan 3R untuk kesejahteraan
by: Abdullah Ishak
Published: (2012)
AMALAN & DOA : 24 JAM RASULULLAH
by: Muhammad Ali Rosli, et al.
Published: (2024)
Amalan doa harian : untuk semua peringkat
by: Abu Muhammad Hafiq
Published: (2000)
Indahnya amalan doa
by: Ismail Kamus 1948-
Published: (2010)